000 00365nam a2200169Ia 4500
100 _aAyala/Kenneth
650 _aMicrocontroller
250 _a3
942 _cBK
366 _f15
654 _a8051
245 _aThe 8051 Microcontroller with CD
260 _bThomson/Delmar
_aMumbai
_c2005
082 _a004.16/AYA
_bAYA
300 _a412
546 _aENGLISH
999 _c33983
_d33983